French Cities by Picture - Statistics

General Stats
  • This quiz has been taken 60 times
  • The average score is 7 of 12
Answer Stats
Picture Answer % Correct
Paris
96%
Marseille
89%
Nice
86%
Strasbourg
82%
Lyon
77%
Lille
64%
Toulouse
54%
Montpellier
45%
Bordeaux
43%
Nantes
41%
Cannes
39%
Dijon
29%
No matching quizzes found
Score Distribution
Percent of People with Each Score
Percentile by Number Answered
Your Score History
You have not taken this quiz